Actitud de los estudiantes de la Facultad de Ciencias Sociales y Humanas hacia la inclusión social de personas con discapacidad en la Corporación Universitaria Rafael Núñez (CURN), durante el periodo 2018-2019. / (Registro nro. 6010)

Detalles MARC
000 -LEADER
fixed length control field 02662nam a2200265 4500
001 - CONTROL NUMBER
control field 0000076132
005 - DATE AND TIME OF LATEST TRANSACTION
control field 20250329165510.0
008 - FIXED-LENGTH DATA ELEMENTS--GENERAL INFORMATION
fixed length control field 190415s2019 000 0 eng d
040 ## - CATALOGING SOURCE
Original cataloging agency CO-CtgCURN
Language of cataloging spa
Transcribing agency coctgcurn
082 0# - DEWEY DECIMAL CLASSIFICATION NUMBER
Classification number TSO 2019
Item number C419
100 1# - MAIN ENTRY--PERSONAL NAME
Personal name Cervantes Llerena, Rina Marcela.
245 10 - TITLE STATEMENT
Title Actitud de los estudiantes de la Facultad de Ciencias Sociales y Humanas hacia la inclusión social de personas con discapacidad en la Corporación Universitaria Rafael Núñez (CURN), durante el periodo 2018-2019. /
Statement of responsibility, etc. Rina Marcela Cervantes Llerena; Emily Meza Guerrero; Natalia Julio Marimón; Ana María Pala Assia; Investigador: Rocío M. González Navarro.
260 ## - PUBLICATION, DISTRIBUTION, ETC.
Place of publication, distribution, etc. Cartagena de Indias :
Name of publisher, distributor, etc. Corporación Universitaria Rafael Nuñez,
Date of publication, distribution, etc. 2019.
300 ## - PHYSICAL DESCRIPTION
Extent 67 hojas.
504 ## - BIBLIOGRAPHY, ETC. NOTE
Bibliography, etc. note Trabajo de grado (Trabajo social). Corporación Universitaria Rafael Nuñez. Facultad de Ciencias sociales y humanas. Trabajo social, 2019.
520 ## - SUMMARY, ETC.
Summary, etc. El presente proyecto de investigación pretende describir y analizar las actitudes de los estudiantes de la Facultad de Ciencias Sociales y Humanas, sobre la inclusión social de las personas con discapacidad en la Corporación Universitaria Rafael Núñez (CURN), tomando como punto de partida los antecedentes que tiene este tema en particular, se tomarn los espacios académicos para la aplicación del instrumento, con el cual se estará trabajando en esta investigación. En nuestro país, Colombia actualmente se encuentran unos lineamientos desde el ministerio de educación superior lo cual busca en primera instancia que se reconozcan y que se les otorgue a estas personas en situación de discapacidad el acceso a una educación digna y de calidad en las universidades del país, así mismo teniendo en cuenta la inclusión en estos contextos no se puede dejar de lado ninguna otra persona, ya sea por etnia, estrato social, raza, sexo, género, entre otros. Todo esto con el fin de cumplir con la educación como un derecho de todo y para todos los que quieran acceder a esta y se encuentra contemplada en nuestra carta magna la constitución política de Colombia.
650 #0 - SUBJECT ADDED ENTRY--TOPICAL TERM
Topical term or geographic name entry element Trabajo social
Form subdivision Tesis y disertaciones academicas.
700 1# - ADDED ENTRY--PERSONAL NAME
Personal name Meza Guerrero, Emily.
700 1# - ADDED ENTRY--PERSONAL NAME
Personal name Julio Marimón, Natalia.
700 1# - ADDED ENTRY--PERSONAL NAME
Personal name Pala Assia, Ana Maria.
700 1# - ADDED ENTRY--PERSONAL NAME
Personal name Gonzalez Navarro, Rocio M,
Relator term investigadora.
856 ## - ELECTRONIC LOCATION AND ACCESS
Uniform Resource Identifier <a href="https://unicurn.sharepoint.com/:b:/s/biblioteca/EeSCRhVsi5dOq954r0ivKToBZn005wHZZ374WcjHqjZyhQ?e=JmRzIf">https://unicurn.sharepoint.com/:b:/s/biblioteca/EeSCRhVsi5dOq954r0ivKToBZn005wHZZ374WcjHqjZyhQ?e=JmRzIf</a>
Public note Click aqui para ver el recurso en texto completo
942 ## - ADDED ENTRY ELEMENTS (KOHA)
Source of classification or shelving scheme Dewey Decimal Classification
Koha item type Trabajos de grado
Classification part TSO 2019
Item part C419
Existencias
Withdrawn status Lost status Source of classification or shelving scheme Damaged status Not for loan Collection Home library Current library Shelving location Date acquired Source of acquisition Cost, normal purchase price Total checkouts Full call number Barcode Date last seen Price effective from Koha item type
    Dewey Decimal Classification     Trabajos de grado Miguel Henríquez Castañeda Miguel Henríquez Castañeda Trabajo de grado 06/01/2019 El autor 350000.00   TSO 2019 C419 023044 06/20/2019 06/20/2019 Trabajos de grado